000 00940nam a22003257a 4500
003 CHAP
005 20220817044259.0
008 090707s2007 it a rn 00010 eng d
010 _a96489
011 _a97461
020 _a9789251056660
035 _a108129
040 _cCHAP
082 0 4 _a634.9
_bF3y v.151
110 2 _aFAO
245 1 0 _aFire management - global assessment :
_b2006
_c/by FAO
260 _aRome :
_bFAO,
_c2007
300 _a156 p. :
_bilus., cuadros
490 0 _aFAO. Montes
_v; 151
590 _aBATCH-UPD
_b10
_c20130110
_lUCH01
_h0849
590 _aCONVERSION
_b10
_c20130109
_lUCH01
_h1353
650 1 4 _aBosques
_xColima.
_914112
650 1 4 _aBosques
_xIncendios.
_914211
650 1 4 _aImpacto ambiental.
_957465
830 0 _aFAO. Montes
_v; 151
_939632
901 _aBK
911 _aen proceso
942 _cLIBRO
949 _a634.9 F3y v.151
_bBC
_cFAO
_d33724002042017
_eFAO1
_gDonaciØn
_h108861
_i108129
_sb
999 _c96489
_d96489